Sarth Shrimat Dasbodha (Record no. 89585)

MARC details
000 -LEADER
fixed length control field 00456nam a2200181Ia 4500
008 - FIXED-LENGTH DATA ELEMENTS--GENERAL INFORMATION
fixed length control field 230125s9999 xx 000 0 und d
041 ## - LANGUAGE CODE
Language code of text/sound track or separate title eng
082 ## - DEWEY DECIMAL CLASSIFICATION NUMBER
Classification number 491.4603
Item number BEL
100 ## - MAIN ENTRY--PERSONAL NAME
Personal name Belasare K
9 (RLIN) 112604
245 ## - TITLE STATEMENT
Title Sarth Shrimat Dasbodha
250 ## - EDITION STATEMENT
Edition statement 12th Ed.
260 ## - PUBLICATION, DISTRIBUTION, ETC. (IMPRINT)
Date of publication, distribution, etc. 1998
Name of publisher, distributor, etc. Shri samarth seva mandal
Place of publication, distribution, etc. Pune
300 ## - PHYSICAL DESCRIPTION
Extent 1054p
500 ## - GENERAL NOTE
Keywords Marathi book,Dasbodha
650 ## - SUBJECT ADDED ENTRY--TOPICAL TERM
Topical term or geographic name as entry element General
700 ## - ADDED ENTRY--PERSONAL NAME
Personal name Belasare K
9 (RLIN) 112604
Holdings
Withdrawn status Lost status Damaged status Not for loan Home library Current library Date acquired Vendor Cost, normal purchase price Full call number Barcode Date last seen Cost, replacement price Bill Date Koha item type Original Barcode
      Reference Smt. Hiraben Nanavati Institute of Management & Research for Women Smt. Hiraben Nanavati Institute of Management & Research for Women 29/06/1999 shri sundarmath 200.00 491.4603 BEL B01563 HIMR-BK-1563 25/01/2023 200.00 29/06/1999 Books B01563